Constitución Deo Auctore y Libro I del Digesto del Emperador Justiniano.

Spremljeno u:
Bibliografski detalji
Glavni autor: Catalano, Pierangelo (prólogo, Urednik)
Format: Knjiga
Izdano: Lima, Perú: Fondo Editorial Pontificia Universidad Católica del Perú, 2011.
Izdanje:Primera edición.
Teme:
Oznake: Dodaj oznaku
Bez oznaka, Budi prvi tko označuje ovaj zapis!

MARC

LEADER 00000nam a22000007a 4500
003 CL-VaPUC
005 20220822114644.0
008 220719t2011 ||||| |||| 00| 0 eng d
999 |c 437236  |d 437234 
020 |q 978-9972-42-964-4 
040 |c Pontificia Universidad Católica de Valparaíso 
082 7 |a 340.54 CAT 2011  |2 22 
100 1 |a Catalano, Pierangelo   |e prólogo  |e editor  |9 873330 
245 |a Constitución Deo Auctore y Libro I del Digesto del Emperador Justiniano.  
250 |a Primera edición.  
260 |a Lima, Perú:  |b Fondo Editorial Pontificia Universidad Católica del Perú,   |c 2011. 
300 |a 238 páginas.  
500 |a c.1 Donación Familia Prof. Alejandro Guzmán Brito. 
583 |c 20220719  |k Cristina María Rojas Aguilar 
650 |a Derecho romano  |x Historia   |9 866196 
942 |2 ddc  |c BK  |n 0 
952 |0 0  |1 0  |2 ddc  |4 0  |6 340_540000000000000_CAT_2011  |7 1  |8 C_AGB  |9 584994  |a BIBDER  |b BIBDER  |d 2022-07-19  |e Donación   |i 5653064  |o 340.54 CAT 2011  |p 5653064  |r 2023-01-25  |t 1  |w 2022-07-19  |y BK_US  |k AGB